Revista de derecho de daños 2018 - 3 : responsabilidad por daño no patrimonial /

Guardado en:
Formato: Libro
Idioma:Spanish
Publicado: Santa Fe : Rubinzal - Culzoni, 2018.
Edición:1a. ed.
Materias:
Etiquetas: Agregar Etiqueta
Sin Etiquetas, Sea el primero en etiquetar este registro!
LEADER 00767nam a22002295a 4500
001 DER.der013790
008 190211s2018####ag#####|###|#|######spa||
005 20230608091755.0
245 1 0 |a Revista de derecho de daños 2018 - 3 :  |b responsabilidad por daño no patrimonial /  |c Mosset Iturraspe, Jorge. 
250 |a 1a. ed. 
260 |a Santa Fe :  |b Rubinzal - Culzoni,  |c 2018. 
300 |a 757 p. 
020 |a 9789873013362 
700 1 |a Mosset Iturraspe, Jorge,  |e dir. 
700 1 |a Lorenzetti, Ricardo Luis,  |e dir. 
650 7 |a DAÑO MORAL 
650 7 |a RESARCIMIENTO POR DAÑO MORAL 
650 7 |a ACCION RESARCITORIA 
650 7 |a PERDIDA DE CHANCE 
650 7 |a RESPONSABILIDAD DEL ESTADO 
650 7 |a REPARACION DEL DAÑO 
859 |a DERECHO  |b BIB. DERECHO  |h 346  |i REV  |p 008864